|
|
|
|
| LEADER |
00000nam a2200000 a 4500 |
| 001 |
vtls001136236 |
| 003 |
SK-MaSNL |
| 005 |
20260301233510.0 |
| 008 |
250414s1991 CS 0 cze |
| 020 |
|
|
|a 8070382813
|
| 035 |
|
|
|a SNK000079089
|
| 040 |
|
|
|a SNK
|b slo
|c SNK
|e AACR2
|
| 041 |
0 |
|
|a cze
|
| 044 |
|
|
|a [CS]
|
| 080 |
|
|
|a 885.0=93
|2 1981
|
| 080 |
|
|
|a 885.0-34
|2 1981
|
| 100 |
1 |
|
|a Němcová, Božena,
|d 1820-1862
|4 aut
|9 85909
|
| 245 |
1 |
0 |
|a Pohádky
|c Božena Němcová ; Převyprávěl Vladimír Zápotocký ; Ilustr. Jana Nejtková
|
| 250 |
|
|
|a 1. vyd.
|
| 260 |
|
|
|a Praha
|b Panorama
|c 1991
|
| 300 |
|
|
|a [48] s.
|c 21 cm
|
| 500 |
|
|
|a p. aj: Zápotocký, Vladimír; Nejtková, Jana
|
| 700 |
1 |
|
|a Zápotocký, Vladimír
|4 aut
|9 628213
|
| 700 |
1 |
|
|a Nejtková, Jana,
|d 1941-
|4 ill
|9 320315
|
| 852 |
|
|
|a Slovenská národná knižnica
|
| 919 |
|
|
|a 80-7038-281-3
|
| 954 |
|
|
|a rozprávky české
|
| 999 |
|
|
|c 966449
|d 968379
|
| 952 |
|
|
|t P60, <05>, [BOOK], {605}
|a SNK
|b SNK
|y PREZ
|7 0
|p 17A0360023
|o snkIC 121738
|0 0
|1 0
|4 0
|d 2002-10-26
|l 0
|r 2005-01-01 00:00:00
|w 2026-02-24
|